Contra la impunidad Simposio contra la impunidad y en defensa de los derechos humanos (Registro nro. 75068)

Detalles MARC
000 -ENCABEZADO
Número de control [NR] 01290nam a2200289Ia 4500
005 - FECHA Y HORA DE LA ÚLTIMA TRANSACCIÓN
control field 20211112075239.0
008 - DE LONGITUD FIJA DE DATOS DE ELEMENTOS - INFORMACIÓN GENERAL
Elementos de longitud fija [NR] 130821s1998 sp gr spa
020 ## - NUMERO INTERNACIONAL NORMALIZADO PARA LIBROS [R]
Número Internacional Normalizado del libro [NR] 84 7426 379 4
040 ## - FUENTE DE CATALOGACION [NR]
Agencia de catalogación original [NR] Co-BoUCM
Idioma de catalogación [NR] spa
Quien Cataloga [Nuevo]
Quien Clasifica Aldemar Mondragón
041 00 - CODIGO DE IDIOMA [R]
Código de idioma para texto/pista de sonido o título separado [R] Español
111 2# - ASIENTO PRINCIPAL--NOMBRE DE REUNION [NR]
Nombre de reunión o de jurisdicción como elemento de entrada [NR] Simposio contra la impunidad y en defensa de los derechos humanos
Fecha de la reunión [NR] (24-25-26 de Octubre 1997
Lugar de la reunión [NR] Barcelona)
9 (RLIN) 50915
245 10 - MENCION DE TITULO [NR]
Título [NR] Contra la impunidad Simposio contra la impunidad y en defensa de los derechos humanos
Mención de responsabilidad, etc. [NR] Plataforma Argentina contra la impunidad, editor
246 13 - FORMA VARIANTE DEL TITULO [R]
Título propiamente dicho/forma breve del título [NR] Contra la impunidad
Parte restante del título [NR] en defensa de los derechos humanos
260 ## - PUBLICACION, DISTRIBUCION, ETC. (PIE DE IMPRENTA) [R]
Lugar de publicación, distribución, etc. [R] Barcelona (España)
Nombre del editor, distribuidor, etc. [R] Icaria editorial
Fecha de publicación, distribución, etc. [R] 1998
300 ## - DESCRIPCION FISICA [R]
Extensión [R] xv, 304 páginas
500 ## - NOTA GENERAL [R]
Nota general [NR] Incluye índice.
650 #7 - ASIENTO SECUNDARIO DE MATERIA - TERMINO TEMATICO [R]
Término temático o nombre geográfico como elemento de entrada [NR] Derechos humanos
Subdivisión geográfica [R] Argentina
Subdivisión de forma [R] Congresos, conferencias, etc.
9 (RLIN) 7499
650 #7 - ASIENTO SECUNDARIO DE MATERIA - TERMINO TEMATICO [R]
Término temático o nombre geográfico como elemento de entrada [NR] Impunidad
Subdivisión geográfica [R] Argentina
Subdivisión de forma [R] Congresos, conferencias, etc.
9 (RLIN) 17255
650 #7 - ASIENTO SECUNDARIO DE MATERIA - TERMINO TEMATICO [R]
Término temático o nombre geográfico como elemento de entrada [NR] Sociología
9 (RLIN) 386
650 #7 - ASIENTO SECUNDARIO DE MATERIA - TERMINO TEMATICO [R]
Término temático o nombre geográfico como elemento de entrada [NR] Violencia
9 (RLIN) 422
650 #7 - ASIENTO SECUNDARIO DE MATERIA - TERMINO TEMATICO [R]
Término temático o nombre geográfico como elemento de entrada [NR] Violencia
Subdivisión geográfica [R] Argentina
Subdivisión de forma [R] Congresos, conferencias, etc.
9 (RLIN) 422
651 #4 - ASIENTO SECUNDARIO DE MATERIA - NOMBRE GEOGRAFICO [R]
Nombre geográfico [NR] Argentina
Subdivisión de forma [R] Aspectos sociales
-- Congresos, conferencias, etc.
9 (RLIN) 442
690 ## - ASUNTO AGREGADO LOCAL DE ENTRADA - TÉRMINO TEMÁTICO (OCLC, RLIN)
Acceso temático local Violencia
9 (RLIN) 422
710 1# - ASIENTO SECUNDARIO - NOMBRE CORPORATIVO [R]
Nombre corporativo o de jurisdicción como elemento de entrada [NR] Plataforma Argentina contra la impunidad
9 (RLIN) 50916
942 ## - ELEMENTOS DE ENTRADA AGREGADOS (KOHA)
Tipo de ítem principal el descrito en 300a Libro
Sistema de clasificación DEWEY
Tema principal Sociología
Edición 1
Clasificación 303.6
Parte restante de la signatura top. S612c
Existencias
Fecha de último préstamo Total préstamos Signatura topográfica Código de barras Última vez visto Ejemplar Price effective from Tipo de ítem Perdido Sistema de clasificación Dañado No prestable Tipo de ítem específico Suprimido Ubicación habitual Ubicación actual Localización Fecha de creación Forma de adquisición Costo
26/08/2011   303.6 S612c 100114922 09/12/2025 Ej.1 03/02/2013 Libro   DEWEY     Libro   Claustro Claustro 2do piso 30/09/2011 Compra 81514.00